The generation of postmemory : writing and visual culture after the Holocaust
Αποθηκεύτηκε σε:
| Κύριος συγγραφέας: | |
|---|---|
| Μορφή: | Βιβλίο |
| Γλώσσα: | English |
| Δημοσίευση: |
New York :
Columbia University Press,
c2012.
|
| Θέματα: | |
| Ετικέτες: |
Προσθήκη ετικέτας
Δεν υπάρχουν, Καταχωρήστε ετικέτα πρώτοι!
|
MARC
| LEADER | 00000cam a2200000 a 4500 | ||
|---|---|---|---|
| 001 | 1/106541 | ||
| 008 | 150526s2012####nyu|||||||||||||| ||eng|| | ||
| 020 | |a 9780231156530 | ||
| 040 | |a GR-MyUa |b gre |c GR-MyUa |e AACR2 | ||
| 041 | 0 | |a eng | |
| 082 | 7 | |a 940.5318 |2 (23) | |
| 100 | 1 | |a Hirsch, Marianne. | |
| 245 | 1 | 4 | |a The generation of postmemory : |b writing and visual culture after the Holocaust / |c Marianne Hirsch. |
| 260 | |a New York : |b Columbia University Press, |c c2012. | ||
| 300 | |a 305 σ. : |b εικ. ; |c 24 εκ. | ||
| 500 | |a Περιέχει βιβλιογραφικές αναφορές και ευρετήριο. | ||
| 650 | 0 | |a Holocaust, Jewish (1939-1945), in art. | |
| 650 | 0 | |a Children of Holocaust survivors |x Family relationships. | |
| 650 | 0 | |a Holocaust, Jewish (1939-1945) |x Psychological aspects. | |
| 650 | 0 | |a Gender identity. | |
| 650 | 0 | |a Memorialization. | |
| 852 | |a INST |b LESVOS |e 20150526 |h 940.5318 HIR |p 005100056813 |q 005100056813 |t BK |y 0 | ||
| 970 | |a Καμάτσου |b Δέσποινα |z 26-05-2015 | ||